|
|
|
|
| LEADER |
00000nam a2200000 a 4500 |
| 005 |
20130111123634.0 |
| 007 |
cr ||||||||||| |
| 008 |
121210s2012 sp |||| s|||||0|| 0 spa|c |
| 020 |
|
|
|a 9788490312216
|
| 035 |
|
|
|a 6979
|
| 040 |
|
|
|d vLex
|
| 080 |
|
|
|a 336.76
|
| 090 |
|
|
|c 3502
|d 3502
|
| 245 |
0 |
0 |
|a Mercados financieros
|h [Recurso electrn̤ico] :
|b todos por una causa
|
| 256 |
|
|
|a Servicio en ln̕ea
|
| 260 |
|
|
|a [Madrid] :
|b Dykinson,
|c 2012
|
| 300 |
|
|
|a 1 recurso electrn̤ico
|
| 500 |
|
|
|a Descripci ̤del recurs: el 10 de desembre de 2012
|
| 504 |
|
|
|a Refern̈cies bibliogrf̉iques. Índex
|
| 650 |
0 |
4 |
|a Mercados financieros
|
| 655 |
|
4 |
|a Libros electrn̤icos
|
| 740 |
|
|
|a vLex Libros (Servicio en ln̕ea)
|
| 856 |
4 |
0 |
|z Acceso restringido
|u http://vlex.com/source/mercados-financieros-6979
|
| 942 |
|
|
|c BOOK
|
| 999 |
0 |
|
|a Capital market
|